|
|
|
|
| LEADER |
01038nam a22002657a 4500 |
| 001 |
32453 |
| 003 |
BD-DhAAL |
| 005 |
20241208140918.0 |
| 008 |
171203s2004 bg a|||| |||| 00| 0 eng d |
| 040 |
|
|
|a BD-DhAAL
|c BD-DhAAL
|
| 082 |
|
|
|2 22
|a 362.1095492
|
| 245 |
|
|
|a Research reports.
|f (2004) :
|b health studies.
|n Volume XXXVII.
|
| 260 |
|
|
|a Dhaka :
|b BRAC, Research and Evaluation Division,
|c 2004.
|
| 300 |
|
|
|a 299 pages :
|b illustrations ;
|c 30 cm.
|
| 362 |
|
|
|a Vol. 37
|
| 504 |
|
|
|a Includes bibliographical references.
|
| 541 |
|
|
|a BRAC
|e 32453
|
| 610 |
|
|
|a BRAC
|9 14405
|
| 650 |
|
|
|a Public health
|z Bangladesh
|9 14406
|
| 650 |
|
|
|a Rural development
|z Bangladesh.
|9 24136
|
| 710 |
|
|
|a BRAC
|b Research and Evaluation Division.
|9 14405
|
| 852 |
|
|
|a Ayesha Abed Library
|c BRAC Resource Section
|
| 942 |
|
|
|2 ddc
|c BK
|
| 999 |
|
|
|c 38735
|d 38735
|
| 952 |
|
|
|0 0
|1 0
|2 ddc
|4 0
|6 362_109549200000000_RES
|7 1
|8 RPT
|9 62139
|a BRACUL
|b BRACUL
|c BRS
|d 2017-12-03
|e BRAC
|l 0
|o 362.1095492 RES
|p 3010032453
|r 2017-12-03
|t 1
|w 2017-12-03
|y BK
|x BRAC ; price not available in register
|